000 00315 a2200145 4500
001 74646
020 _a9780582428683
040 _cAnchieta - Colégio São Paulo
240 1 0 _aCinderella
_lIng
245 1 0 _aCinderella
300 _a15
362 0 _a2000
650 4 _aLiteratura infantil em inglês
942 _cBK
999 _c74646
_d74646